000 00270nam a22001217a 4500
008 170214b xxu||||| |||| 00| 0 eng d
041 _aeng
080 _a61
100 _a4
101 _aSHM
245 _aDESK REFERENCE TO NATURE'S MEDICINE
_cFOSTER, S
942 _2udc
_cBK
999 _c5336
_d5336